| 000 | 00586nam a22002057a 4500 | ||
|---|---|---|---|
| 003 | DO-SdBNP | ||
| 005 | 20240226142544.0 | ||
| 007 | ta | ||
| 008 | 210416e2020 dr ||||er|||| 00| p spa d | ||
| 020 | _a9789945089707 | ||
| 040 |
_aDO-SdBNP _bspa _cBNPHU |
||
| 082 | 4 |
_aBNPHU _bS718c |
|
| 100 | 1 |
_aSoto Jiménez, José Miguel, _d1956- _911668 |
|
| 245 | 1 | 3 |
_aLa Patria : _bCanto a nosotros mismos. / _cJosé Miguel Soto Jiménez. |
| 260 |
_aSanto Domingo : _bV República , _c2020. |
||
| 300 |
_a40 p. ; _c21 cm. |
||
| 590 | _aInventariado, 2021/Mf | ||
| 910 | _aMfeliz | ||
| 942 |
_2ddc _cLF2 |
||
| 999 |
_c49744 _d49744 |
||